Letters from a farmer in Pennsylvania, to the inhabitants of the British colonies.

Bibliographic Details
Main Author: Dickinson, John, 1732-1808
Format: eBook
Language:English
Series:Early American imprints. Evans (1639-1800) ; no. 10875.
Subjects:
Online Access:Evans Digital Edition

MARC

Tag First Indicator Second Indicator Subfields
LEADER 00000cam a22000001a 4500
001 in00002139497
006 m e d #
007 cr mn mmmmabba
008 850709s1768 pau s 000 0 eng d
005 20260331162858.5
035 |z t055584 
035 |z w019245 
035 |a MAAR8507093904B 
035 |9 mwa91-50157 
035 |a 317230 
035 |a aas03019245 
040 |a MWA  |c MWA  |e bdrb  |d UtOrBLW 
100 1 |a Dickinson, John,  |d 1732-1808. 
245 1 0 |a Letters from a farmer in Pennsylvania, to the inhabitants of the British colonies. 
264 3 |a Philadelphia :  |b Printed by David Hall, and William Sellers,  |c MDCCLXVIII. [1768] 
300 |a 71 pages, 1 unnumbered page ;  |c 20 cm. (octavo) 
336 |a text  |b txt  |2 rdacontent 
337 |a computer  |b c  |2 rdamedia 
338 |a online resource  |b cr  |2 rdacarrier 
500 |a Letters signed: A farmer. Attributed to John Dickinson in the Dictionary of American biography. The letters were first published in the Pennsylvania chronicle, December 2, 1767-February 15, 1768. 
510 4 |a Evans  |c 10875 
510 4 |a Adams, T.R. Amer. pamphlets,  |c 54a 
530 |a Microform version available in the Readex Early American Imprints series. 
533 |a Electronic text and image data.  |b [Chester, Vt. :  |c Readex, a division of Newsbank, Inc.,  |d 2002-2004.  |e Includes files in TIFF, GIF and PDF formats with inclusion of keyword searchable text.  |f (Early American imprints. First series ; no. 10875). 
500 |a Electronic resource. 
651 0 |a Great Britain  |x Colonies  |z America. 
651 0 |a United States  |x History  |y Revolution, 1775-1783  |x Causes. 
752 |a United States  |b Pennsylvania  |d Philadelphia. 
830 0 |a Early American imprints.  |n Series I,  |p Evans (1639-1800) ;  |v no. 10875. 
856 4 1 |u http://proxy.library.tamu.edu/login?url=https://opac.newsbank.com/select/evans/10875  |y Evans Digital Edition  |t 0 
999 |a MARS 
999 f f |s 8cbfb136-d4d7-3a0f-b418-02af46f8e3dc  |i e49f4553-254a-3347-adce-26ca8cd6bd2b  |t 0 
952 f f |a Texas A&M University  |b College Station  |c Electronic Resources  |s www_evans  |d Available Online  |t 0  |h No information provided 
998 f f |t 0  |l Available Online